Other Sides of Paradise (Record no. 12733)

MARC details
000 -LEADER
fixed length control field 00687nam a2200253 a 4500
020 ## - INTERNATIONAL STANDARD BOOK NUMBER
ISBN 0872490
082 00 - DEWEY DECIMAL CLASSIFICATION NUMBER
Classification number 297.0962
Author Cutter CAM
100 ## - MAIN ENTRY--AUTHOR NAME
Author name Campo, Juan Eduardo
245 ## - TITLE STATEMENT
Title Other Sides of Paradise
Sub title Explorations into the Religious Meanings of Dom
260 ## - PUBLICATION, DISTRIBUTION, ETC. (IMPRINT)
Place of publication USA
Name of publisher Univ. of Soujth Carolina Press
Year of publication 1991
300 ## - PHYSICAL DESCRIPTION
Number of Pages 246p.
500 ## - GENERAL NOTE
General note includes index and biblioraphy
505 2# - FORMATTED CONTENTS NOTE
Formatted contents note index
650 ## - SUBJECT ADDED ENTRY--TOPICAL TERM
Topical Term Islam-Egypt
650 ## - SUBJECT ADDED ENTRY--TOPICAL TERM
Topical Term Egypt-Religious Life
942 ## - ADDED ENTRY ELEMENTS (KOHA)
Koha item type Books
700 1# -
-- Campo, Juan Eduardo
Holdings
Collection code Home library Current library Date acquired Cost, normal purchase price Full call number Accession Number Koha item type
  Henry Martyn Institute Library Henry Martyn Institute Library 10/03/2012 15.00 297.0962 CAM 017623 Books
                   Copyright © 2026 | Henry Martyn Institute | Hyderabad | TS-500052 | INDIA | Implemented by hmi.edu.in
Hit-Count:

Powered by Koha